000 00554nam a2200181Ia 4500
999 _c14386
_d14386
003 OSt
005 20201020132953.0
008 190216s9999||||xx |||||||||||||| ||und||
020 _a780199537525
040 _coclc
082 _a820.8032
_bBOH/T
100 _aBohls, Elizabeth A
_95751
245 0 _aTravel Writing 1700-1830 An Anthology /
_cElizabeth A Bohls ; Lan Duncan
260 _bOxford University Press ,
_aNew York:
_c2008.
300 _a520p
650 _aEnglish
942 _cBK
_2ddc
_h820.8032
_iBOH/T
_k820.8032
_mBOH/T